DocKitIn - menej administratívy a viac digitalizácie osobného života

Saved in:
Bibliographic Details
Main Author: Tarišková, Natália, 1973-
Format: Book Chapter
Language:Slovak
Subjects:
Tags: Add Tag
No Tags, Be the first to tag this record!

MARC

LEADER 00000naa$a2200000$$$4500
001 0226015
005 20240502073717.9
041 0 |a slo 
044 |a SK 
245 1 0 |a DocKitIn - menej administratívy a viac digitalizácie osobného života  |c Natália Tarišková 
610 2 0 |a štúdie prípadové 
610 2 0 |a start-up 
610 2 0 |a aplikácie mobilné 
610 2 0 |a softvér 
610 2 0 |a dokumenty 
610 2 0 |a dokumenty elektronické 
610 2 0 |a domácnosti 
610 2 0 |a ochrana dát 
100 1 |a Tarišková, Natália, 1973-